تحميل...
Aanch per sawal/
| المؤلف الرئيسي: | |
|---|---|
| التنسيق: | Printed Book |
| منشور في: |
Allahabad:
Anamika Prakashan,
2008.
|
| الموضوعات: |
| LEADER | 00524nam a22001697a 4500 | ||
|---|---|---|---|
| 999 | |c 145103 |d 145103 | ||
| 020 | |a 9788187770046 | ||
| 082 | |a H1 |b RAJ/A | ||
| 100 | |a Rajesh Kumar | ||
| 245 | |a Aanch per sawal/ |c by Rajesh Kumar | ||
| 260 | |a Allahabad: |b Anamika Prakashan, |c 2008. | ||
| 300 | |a 258p. | ||
| 650 | |a Poetry Hindi | ||
| 650 | |a Literature Hindi | ||
| 650 | |a Literature | ||
| 942 | |c BK | ||
| 952 | |0 0 |1 0 |4 0 |6 H_1_000000000000000_RAJ_A |7 0 |9 103486 |a SSUS |b SSUS |c STACKS |d 2020-09-15 |g 175.00 |o H1 RAJ/A |p 100453 |r 2020-09-15 |w 2020-09-15 |y BK | ||